| 000 | 00433nam a22001817a 4500 | ||
|---|---|---|---|
| 003 | CEME | ||
| 005 | 20210628203603.0 | ||
| 008 | 210201b xxu||||| |||| 00| 0 eng d | ||
| 020 | _a969-35-0974-9 | ||
| 040 | _c. | ||
| 082 | _a297.64 MOH | ||
| 100 |
_aMuhammad Kaleem Araien _966398 |
||
| 245 | _aSahabah karam quiz | ||
| 260 |
_bSANG-E-MEEL _c1999 |
||
| 300 | _a323P | ||
| 650 |
_aQUIZ-SAHABAH KARAM _966399 |
||
| 942 |
_cBK _2ddc |
||
| 999 |
_c574375 _d574375 |
||